000 00936nam0a2200265 4500
001 RU\NLR\ONL1\4327
005 20260406072349.0
035 _a(NLR Aleph) 009633079
090 _a9506270
_c9506270
100 _a20041116d1974 |||y0rusy50 ca
101 0 _achm
102 _aRU
105 _aa |||||||||
200 1 _aМустафа
_eПоэма-влак
210 _aЙошкар-Ола
_cКн. лукшо марий изд-во
_d1974
215 _a94 с.
_cил.
_d16
541 1 _aМустафа
_eПоэма: Для детей сред. и старшего шк. возраста
_zrus
686 1 _aШ9(2)6=Мар-5
700 1 _4070
_8rus
_cмар. писатель
_7ca
_aНиколаев
_bС. В.
_f1936-
_gСемен Васильевич
_3RU\NLR\auth-onl\77115
_9130175
801 0 _aRU
_bNLR
_c20041116
_gPSBO
852 _aNLR
_bОНЛ
_jМар.л./2-2466
942 _cBOOK
980 _aNB